| 000 | 00740nam a2200241 4500 | ||
|---|---|---|---|
| 003 | OSt | ||
| 005 | 20240727022110.0 | ||
| 006 | a | ||
| 008 | 240727b |||||||| |||| 00| 0 eng d | ||
| 020 | _a978-0-07-154855-7 | ||
| 040 |
_aDWCL-Main lib. _cOC |
||
| 082 |
_2Third edition _aCirc. 510.2 S755s 2009 |
||
| 100 | _aLipshutz, Seymour | ||
| 245 | _aSchaum’s outlines : Mathematical handbook of formulas and tables / | ||
| 250 | _aThird edition | ||
| 260 |
_aN.Y. : _bMcGraw-Hill, _cc2009. |
||
| 300 |
_ax, _b289 p. : ill. ; _c28 cm. |
||
| 490 | _3Schaums outlines series | ||
| 504 | _aIncludes index. | ||
| 650 | _a1. Mathematics-Formulae. | ||
| 650 | _a2. Mathematics tables. | ||
| 942 |
_2ddc _n0 _cBK-CIRC _eThird edition _kCirc. |
||
| 999 |
_c2850 _d2850 |
||